| 000 | 006560000a22001810004500 | ||
|---|---|---|---|
| 003 | MACL | ||
| 005 | 20160423134842.0 | ||
| 008 | 160423b xxu||||| |||| 00| 0 eng d | ||
| 040 |
_aMACL _cMACL |
||
| 041 | _aHindi | ||
| 082 | _a800 HAJ | ||
| 100 |
_aदिवेदी मुकुंद _953598 |
||
| 245 |
_aहजारीप्रसाद दिवेदी के पत्र _bप्रथम खंड |
||
| 260 |
_bइन्दिरा गांधी राष्ट्रीय कला केन्द्र _c1994 _aनई दिल्ली |
||
| 350 | _a125 | ||
| 650 |
_aLiterature _953599 |
||
| 942 |
_cHIN _k800/DEW/L _2ddc |
||
| 999 |
_c20078 _d20078 |
||